Problems and Solutions in Stochastic Calculus with Applications /
Contenido: 1) Preliminares de cálculo; 2) Conceptos de teoría de la probabilidad; 3) Procesos estocásticos básicos; 4) Cálculo de movimiento browniano; 5) Ecuaciones diferenciales estocásticas; 6) Procesos de Difusión; 7) Martingalas; 8) Semimartingalas; 9) Procesos de salto puro; 10) Cambio de medi...
Gardado en:
| Autor Principal: | |
|---|---|
| Outros autores: | , |
| Formato: | Libro |
| Idioma: | inglés |
| Publicado: |
Nueva Jersey, EUA :
World Scientific,
2025, c2025
|
| Temas: | |
| Etiquetas: |
Sen Etiquetas, Sexa o primeiro en etiquetar este rexistro!
|
MARC
| LEADER | 00000nam^a2200000^a^4500 | ||
|---|---|---|---|
| 001 | 000594483 | ||
| 005 | 20250521000000.0 | ||
| 009 | 20260310133028.136 | ||
| 020 | |a 978-1-80061-560-1 | ||
| 037 | |a Acervo ITESO - Biblioteca | ||
| 041 | |a ING | ||
| 082 | |a 519. 2 |b ALB | ||
| 100 | |a Albin, Patrik |e (autor) | ||
| 245 | 1 | 0 | |a Problems and Solutions in Stochastic Calculus with Applications / |c P. Albin, K. Hamza, F.C. Klebaner. |
| 264 | 4 | |a Nueva Jersey, EUA : |b World Scientific, |c 2025, c2025 | |
| 300 | |a XII, 471 p. | ||
| 336 | |a texto |b txt |2 rdacontenido | ||
| 337 | |a sin mediación |b n |2 rdamedio | ||
| 338 | |a volumen |b nc |2 rdasoporte | ||
| 520 | |a Contenido: 1) Preliminares de cálculo; 2) Conceptos de teoría de la probabilidad; 3) Procesos estocásticos básicos; 4) Cálculo de movimiento browniano; 5) Ecuaciones diferenciales estocásticas; 6) Procesos de Difusión; 7) Martingalas; 8) Semimartingalas; 9) Procesos de salto puro; 10) Cambio de medida de la probabilidad; 11) Aplicaciones en finanzas; 12) Aplicaciones en biología. | ||
| 521 | |a Peticiones 2025 | ||
| 649 | |a XX | ||
| 650 | |a Cálculo de Itô | ||
| 650 | |a Cálculo Estocástico | ||
| 650 | |a Martingalas (Matemáticas) | ||
| 650 | |a Movimiento Browniano | ||
| 650 | |a Recorridos Aleatorios (Matemáticas) | ||
| 650 | |a Ecuaciones Diferenciales Estocásticas | ||
| 650 | |a Aproximación Estocástica | ||
| 650 | |a Análisis Estocástico | ||
| 650 | |a Sistemas Estocásticos | ||
| 650 | |a Procesos de Poisson | ||
| 650 | |a Procesos de Difusión | ||
| 650 | |a Procesos Estocásticos - |x Tema Principal | ||
| 650 | |a Probabilidad - |x Teoría | ||
| 650 | |a Biomatemáticas | ||
| 650 | |a Matemáticas Financieras | ||
| 650 | |a Matemáticas Aplicadas | ||
| 700 | |a Hamza, Kais |e (autor) | ||
| 700 | |a Klebaner, Fima C. |e (autor) | ||
| 910 | |a Fondo General | ||
| 920 | |a Impresos - Libros | ||
| 930 | |a Colección General | ||
| 905 | |a 101 | ||
| 901 | |a 594897-10 |b IT1 |c ACC |i C189235 |u 20250521 | ||
| 902 | |a https://opac.biblio.iteso.mx/vufind/Record/000594483 | ||